Word Ladder: 2015-16 Best Picture Winners Quiz Stats

 Plays Quiz Updated May 25, 2018

Score 0/16 Timer 02:00
2 Plays Today
Clue 4-Letter Answer % Correct
• X marks the ___• SPOT •
97.9%
• Natural satellite of the Earth •• MOON •
96.2%
Residue found in a chimneySOOT
96%
A period of time without foodFAST
93.7%
IrrelevantMOOT
93%
Container to store and display flowers VASE
92.7%
Of very great area or extentVAST
91.2%
Oktober suffixFEST
90.4%
Clue 4-Letter Answer % Correct
A noteworthy accomplishmentFEAT
87.6%
ExpectorateSPIT
87.1%
A straight, narrow opening in a materialSLIT
87%
Past the due dateLATE
85.7%
Having minimal topographyFLAT
84.5%
To emit coherent lightLASE
82.5%
To move lightly and swiftlyFLIT
81.1%
• Low in calories •• LITE •
81%

Today's Daily Dose

You're not logged in!

Compare scores with friends on all Sporcle quizzes.
Join for Free
OR
Log In

You Might Also Like...

Show Comments

Extras

Top Quizzes Today


Score Distribution

Your Account Isn't Verified!

In order to create a playlist on Sporcle, you need to verify the email address you used during registration. Go to your Sporcle Settings to finish the process.

Report this User

Report this user for behavior that violates our Community Guidelines.

Details: